[Event "FRA-ch Open A-D 2018"]
[Site "Nimes"]
[Date "2018.08.26"]
[Round "9"]
[White "Giacomini, Hector"]
[Black "Weill, Roland"]
[Result "1-0"]
[WhiteElo "2196"]
[BlackElo "2138"]
[Annotator "NA"]
[PlyCount "109"]
[EventDate "2018.08.18"]
[EventType "tourn"]
[EventCountry "FRA"]
[SourceTitle "playchess.com"]
[Source "ChessBase"]
[SourceQuality "1"]
[TimeControl "40/5400+30:1800+30"]

1. Nf3 {[%emt 0:00:00]} g6 {[%emt 0:04:03]} 2. d4 {[%emt 0:00:00]} Bg7 {[%emt 0:00:06]} 3. e4 {[%emt 0:00:08]} d6 {[%emt 0:00:16]} 4. c3 {[%emt 0:00:11]} Nf6 {[%emt 0:00:31]} 5. Bd3 {[%emt 0:00:32]} O-O {[%emt 0:00:57]} 6. O-O {[%emt 0:00:17]} Nc6 {[%emt 0:00:51]} 7. h3 {[%emt 0:00:55]} e5 {[%emt 0:01:23] LiveBook: 347 Games} 8. Nbd2 {[%emt 0:00:59]} d5 {[%emt 0:16:01] B07: Pirc Defence: Miscellaneous Systems} (8... Nd7 9. Nb3 a5 10. Be3 a4 11. Nbd2 a3 12. b3 exd4 13. Nxd4 Nc5 14. Bc2 Re8 15. Rc1 Bd7 16. Re1 {0-1 (43) Aronian,L (2793)-Vachier Lagrave,M (2796) Leuven 2017}) 9. Nxe5 {[%emt 0:05:19]} Nxe5 {[%emt 0:00:30]} 10. dxe5 {[%emt 0:00:30]} Nxe4 {[%emt 0:00:30]} 11. Nf3 $146 {[%emt 0:00:30]} ({Predecessor:} 11. Bxe4 dxe4 12. Nxe4 Qxd1 13. Rxd1 Bxe5 14. Bg5 Bf5 15. Nf6+ Bxf6 16. Bxf6 {½-½ (40) Sandipan,C (2593)-Nouri,H (2363) Mumbai 2016}) 11... f5 {[%emt 0:00:30]} 12. c4 {[%emt 0:00:30]} Nc5 {[%emt 0:00:30]} 13. Bg5 {[%emt 0:00:30]} Qd7 {[%emt 0:00:30]} 14. cxd5 {[%emt 0:00:30]} Qxd5 {[%emt 0:00:30]} 15. Bc2 {[%emt 0:00:30]} Qxd1 {[%emt 0:00:30]} 16. Rfxd1 {[%emt 0:00:30]} Ne6 {[%emt 0:00:30]} 17. Bb3 {[%emt 0:00:30]} Kh8 {[%emt 0:00:30]} 18. Rac1 {[%emt 0:00:30]} Nxg5 {[%emt 0:00:30]} 19. Nxg5 {[%emt 0:00:30]} Bxe5 {[%emt 0:00:30]} 20. Nf7+ {[%emt 0:00:30]} Rxf7 {[%emt 0:00:30]} 21. Bxf7 {[%emt 0:00:30]} Kg7 {[%emt 0:00:30]} 22. Bb3 {[%emt 0:00:30]} Bd6 {[%emt 0:00:30]} 23. Rxd6 {[%emt 0:00:30]} cxd6 {[%emt 0:00:30]} 24. Rc7+ {[%emt 0:00:30]} Kf6 {[%emt 0:00:30]} 25. Rxh7 {[%emt 0:00:30]} Be6 {[%emt 0:00:30]} 26. Bxe6 {[%emt 0:00:30]} Kxe6 {[%emt 0:00:30]} 27. Rxb7 {[%emt 0:00:30]} a5 {[%emt 0:00:30]} 28. Rb5 {[%emt 0:00:30]} a4 {[%emt 0:00:30]} 29. g4 {[%emt 0:00:30]} fxg4 {[%emt 0:00:30]} 30. hxg4 {[%emt 0:00:30]} Rc8 {[%emt 0:00:30]} 31. Kg2 {[%emt 0:00:30]} Rc2 {[%emt 0:00:30]} 32. Kg3 {[%emt 0:00:30]} a3 {[%emt 0:00:30]} 33. bxa3 {[%emt 0:00:30]} Rxa2 {[%emt 0:00:30]} 34. Rb3 g5 {[%emt 0:58:35]} 35. f4 {[%emt 0:49:32]} gxf4+ {[%emt 0:02:41]} 36. Kxf4 {[%emt 0:00:35]} Kf6 {[%emt 0:01:57]} 37. Rd3 {[%emt 0:01:41]} d5 {[%emt 0:01:02]} 38. Rb3 {[%emt 0:07:20]} Rf2+ {[%emt 0:01:40]} 39. Rf3 {[%emt 0:00:16]} Ra2 {[%emt 0:00:36]} 40. g5+ {[%emt 0:04:47]} Kg6 {[%emt 0:00:56]} 41. Rg3 {[%emt 0:34:50]} (41. Rd3 $16) 41... Ra1 {[%emt 0:35:25]} 42. Ke5 {[%emt 0:01:17]} Rd1 {[%emt 0:00:06]} 43. Rg4 {[%emt 0:11:54]} Ra1 {[%emt 0:00:00]} 44. a4 {[%emt 0:00:00]} d4 {[%emt 0:00:00]} 45. Rxd4 {[%emt 0:00:00]} Kxg5 {[%emt 0:00:00]} 46. Rb4 {[%emt 0:00:00]} Ra2 {[%emt 0:00:00]} 47. Kd6 {[%emt 0:00:00]} Kf6 {[%emt 0:00:00]} 48. Re4 {[%emt 0:00:00]} Rc2 {[%emt 0:00:00]} 49. a5 {[%emt 0:00:00]} Ra2 {[%emt 0:00:00]} 50. Re5 {[%emt 0:00:00]} Rd2+ {[%emt 0:00:00]} 51. Rd5 {[%emt 0:00:00]} Ra2 {[%emt 0:00:00]} 52. Rb5 {[%emt 0:00:00]} Rc2 {[%emt 0:00:00]} 53. a6 {[%emt 0:00:00]} Ra2 {[%emt 0:00:00]} 54. Rb6 {[%emt 0:00:00]} Ra1 {[%emt 0:00:00]} 55. Kc7+ {[%emt 0:00:00]} 1-0

[Event "FRA-ch Open A-D 2018"]
[Site "Nimes"]
[Date "2018.08.26"]
[Round "9"]
[White "Lux, Hugo de Melo"]
[Black "Bianchi, Guillaume"]
[Result "1/2-1/2"]
[WhiteElo "2147"]
[BlackElo "2064"]
[Annotator "NA"]
[PlyCount "61"]
[EventDate "2018.08.18"]
[EventType "tourn"]
[EventCountry "FRA"]
[SourceTitle "playchess.com"]
[Source "ChessBase"]
[SourceQuality "1"]
[TimeControl "40/5400+30:1800+30"]

1. e4 {[%emt 0:00:00]} c5 {[%emt 0:00:00]} 2. Nc3 {[%emt 0:00:00]} e6 {[%emt 0:00:58]} 3. f4 {[%emt 0:00:00]} a6 {[%emt 0:00:53]} 4. Nf3 {[%emt 0:02:49]} Nc6 {[%emt 0:01:38]} 5. g3 {[%emt 0:01:15]} d6 {[%emt 0:06:16]} 6. Bg2 {[%emt 0:00:19]} Nf6 {[%emt 0:07:37]} 7. O-O {[%emt 0:00:25]} Be7 {[%emt 0:01:32]} 8. b3 {[%emt 0:11:26]} Qc7 {[%emt 0:03:39]} 9. Bb2 {[%emt 0:03:00]} O-O {[%emt 0:06:43]} 10. Qe2 $11 {[%emt 0:05:43]} Nd4 {[%emt 0:02:11]} 11. Nxd4 {[%emt 0:03:42]} cxd4 {[%emt 0:01:54]} 12. Nd1 {[%emt 0:00:09]} e5 {[%emt 0:01:12]} 13. f5 {[%emt 0:01:17]} b5 {[%emt 0:05:29]} 14. Rc1 {[%emt 0:24:07]} Bb7 {[%emt 0:02:22]} 15. Nf2 {[%emt 0:00:09]} b4 {[%emt 0:04:38]} 16. c4 {[%emt 0:23:03]} bxc3 {[%emt 0:03:28]} 17. dxc3 {[%emt 0:00:37]} dxc3 {[%emt 0:00:55]} 18. Rxc3 {[%emt 0:00:01]} Qb6 {[%emt 0:01:30]} 19. Rfc1 {[%emt 0:05:22]} Rfc8 {[%emt 0:01:05]} 20. Rxc8+ {[%emt 0:00:28]} Rxc8 {[%emt 0:00:06]} 21. Rxc8+ {[%emt 0:00:02]} Bxc8 {[%emt 0:00:06]} 22. Bc1 {[%emt 0:00:25]} Bb7 {[%emt 0:05:58]} 23. Be3 {[%emt 0:02:10]} Qb4 {[%emt 0:02:46]} 24. Qd2 {[%emt 0:04:05]} Qxd2 {[%emt 0:05:17]} 25. Bxd2 {[%emt 0:00:02]} Kf8 {[%emt 0:03:59]} 26. Kf1 {[%emt 0:00:34]} Bd8 {[%emt 0:01:35]} 27. Bg5 {[%emt 0:04:50]} h6 {[%emt 0:01:40]} 28. Bxf6 {[%emt 0:00:04]} Bxf6 {[%emt 0:00:04]} 29. Ke2 {[%emt 0:00:31]} Bd8 {[%emt 0:01:01]} 30. Nd1 {[%emt 0:00:49]} Bb6 {[%emt 0:07:52]} 31. Nc3 {[%emt 0:00:05]} 1/2-1/2

[Event "FRA-ch Open A-D 2018"]
[Site "Nimes"]
[Date "2018.08.26"]
[Round "9"]
[White "Baillot, Justin"]
[Black "Pham, Arthur"]
[Result "1/2-1/2"]
[WhiteElo "2101"]
[BlackElo "2107"]
[Annotator "NA"]
[PlyCount "71"]
[EventDate "2018.08.18"]
[EventType "tourn"]
[EventCountry "FRA"]
[SourceTitle "playchess.com"]
[Source "ChessBase"]
[SourceQuality "1"]
[TimeControl "40/5400+30:1800+30"]

1. e4 {[%emt 0:00:00]} c5 {[%emt 0:00:00]} 2. Nf3 {[%emt 0:00:00]} d6 {[%emt 0:00:00]} 3. d4 {[%emt 0:00:00]} cxd4 {[%emt 0:00:00]} 4. Nxd4 {[%emt 0:00:00]} Nf6 {[%emt 0:00:00]} 5. Nc3 {[%emt 0:00:00]} g6 {[%emt 0:00:00]} 6. g3 {[%emt 0:00:03]} Bg7 {[%emt 0:05:32]} 7. Bg2 {[%emt 0:00:06]} O-O {[%emt 0:03:53] LiveBook: 270 Games} 8. O-O {[%emt 0:00:08]} Qd7 $146 {[%emt 0:08:19] B70: Sicilian Dragon: 6 g3 and 6 Be2 (without a later Be3)} ({Predecessor:} 8... Nc6 9. Nde2 Re8 10. b3 Bg4 11. Bb2 Ne5 12. f3 Bd7 13. Kh1 Rc8 14. Nd5 Nxd5 15. exd5 Qb6 16. c4 Qa6 17. Nd4 {1-0 (33) Tiviakov,S (2569)-Korobov,A (2678) Nakhchivan 2018}) 9. h3 {[%emt 0:00:42]} Nc6 {[%emt 0:00:36]} 10. Nde2 {[%emt 0:00:45]} b6 {[%emt 0:01:20]} 11. b3 {[%emt 0:05:26]} Bb7 {[%emt 0:04:00]} 12. Bb2 {[%emt 0:00:26]} e6 {[%emt 0:11:30]} 13. Qd2 {[%emt 0:02:40]} Rfd8 {[%emt 0:01:49]} 14. Rad1 {[%emt 0:08:31]} Ne7 {[%emt 0:02:20]} 15. e5 {[%emt 0:13:06]} Ne8 {[%emt 0:09:34]} 16. Ne4 {[%emt 0:01:20]} Nc6 {[%emt 0:06:23]} 17. f4 {[%emt 0:17:26]} Qc8 {[%emt 0:04:06]} 18. Nf6+ {[%emt 0:01:04]} Nxf6 {[%emt 0:00:30]} 19. exf6 {[%emt 0:00:06]} Bf8 {[%emt 0:00:04]} 20. h4 {[%emt 0:13:18]} Na5 {[%emt 0:01:12]} 21. h5 {[%emt 0:04:14]} Qc5+ {[%emt 0:05:31]} 22. Nd4 {[%emt 0:04:27]} Bxg2 {[%emt 0:02:39]} 23. Kxg2 Qd5+ {[%emt 0:01:20]} 24. Nf3 {[%emt 0:00:57]} (24. Kf2 $16) 24... Qxh5 {[%emt 0:02:48]} 25. Ng5 {[%emt 0:01:38]} h6 {[%emt 0:05:01]} 26. Rh1 {[%emt 0:00:58]} Qg4 {[%emt 0:00:04]} 27. Rh4 {[%emt 0:01:25]} Qf5 {[%emt 0:00:14]} 28. Nf3 {[%emt 0:00:25]} (28. g4 $11 {bleibt in der Remisbreite.} Qb5 29. Nf3) 28... Rac8 {[%emt 0:00:50]} 29. c4 {[%emt 0:00:26] [#]} Nxc4 {[%emt 0:03:18]} (29... e5 $1 $17 30. Qf2 Qxf6 31. fxe5 dxe5 32. Bxe5 Qc6) 30. bxc4 {[%emt 0:01:22]} Rxc4 {[%emt 0:00:12]} 31. Nd4 $11 {[%emt 0:05:27]} Qd5+ {[%emt 0:03:20]} 32. Nf3 {[%emt 0:00:06]} Qc6 {[%emt 0:01:48]} 33. Rc1 {[%emt 0:00:17]} Rxc1 {[%emt 0:01:01]} 34. Qxc1 {[%emt 0:01:40]} Qxc1 35. Bxc1 Rc8 36. Bb2 1/2-1/2

[Event "FRA-ch Open A-D 2018"]
[Site "Nimes"]
[Date "2018.08.26"]
[Round "9"]
[White "Pottier, Simeon"]
[Black "El Mchaouri Mas, Younes"]
[Result "1-0"]
[WhiteElo "2092"]
[BlackElo "2120"]
[Annotator "NA"]
[PlyCount "71"]
[EventDate "2018.08.18"]
[EventType "tourn"]
[EventCountry "FRA"]
[SourceTitle "playchess.com"]
[Source "ChessBase"]
[SourceQuality "1"]
[TimeControl "40/5400+30:1800+30"]

1. d4 {[%emt 0:00:07]} g6 {[%emt 0:00:00]} 2. c4 {[%emt 0:00:05]} Bg7 {[%emt 0:00:00]} 3. e4 {[%emt 0:00:05]} d6 {[%emt 0:00:00]} 4. Nc3 {[%emt 0:00:06]} Nf6 {[%emt 0:00:00]} 5. Nf3 {[%emt 0:00:18]} O-O {[%emt 0:00:04]} 6. Be2 {[%emt 0:00:34]} Bg4 {[%emt 0:00:06] LiveBook: 2027 Games} 7. O-O {[%emt 0:08:01]} Nfd7 {[%emt 0:02:24]} 8. Be3 {[%emt 0:04:11]} Nc6 {[%emt 0:00:29]} 9. d5 {[%emt 0:03:09]} Bxf3 {[%emt 0:00:15]} 10. Bxf3 {[%emt 0:01:12]} Na5 {[%emt 0:00:15]} 11. Be2 {[%emt 0:09:52]} Bxc3 {[%emt 0:35:20]} 12. bxc3 {[%emt 0:02:13]} Nc5 $146 {[%emt 0:04:09] E91: Königsindisch (Klassisches System)} ({Vorgänger:} 12... e5 13. dxe6 fxe6 14. f4 Qe7 15. Rb1 b6 16. Qc2 Rf7 17. Rf2 Nc5 18. Bxc5 dxc5 19. e5 Rd8 20. g3 Qe8 21. Rff1 Rfd7 {½-½ (64) Nguyen,N (2629)-Akopian,V (2675) Doha 2016}) 13. Bxc5 {[%emt 0:04:08]} dxc5 {[%emt 0:00:05]} 14. f4 {[%emt 0:00:46]} e5 {[%emt 0:04:25]} 15. f5 {[%emt 0:12:51]} f6 {[%emt 0:04:22]} 16. fxg6 {[%emt 0:01:36]} hxg6 {[%emt 0:00:12]} 17. Rf3 {[%emt 0:06:01]} Kg7 {[%emt 0:15:01]} 18. Rg3 {[%emt 0:03:47]} Rh8 {[%emt 0:01:27]} 19. Qd3 {[%emt 0:04:32]} Qd6 {[%emt 0:04:09]} 20. Rf1 {[%emt 0:02:10]} Raf8 {[%emt 0:01:51]} 21. Bg4 {[%emt 0:06:05]} Rh6 {[%emt 0:02:16]} 22. Bf5 {[%emt 0:06:01]} Rfh8 {[%emt 0:09:14]} 23. Be6 {[%emt 0:08:43]} Rf8 {[%emt 0:02:02]} 24. Rgf3 {[%emt 0:02:10]} Qe7 {[%emt 0:00:20]} 25. Rg3 {[%emt 0:01:59]} b6 {[%emt 0:00:30]} 26. Rff3 {[%emt 0:00:34]} Nb7 {[%emt 0:02:53]} 27. Rg4 {[%emt 0:00:31]} Nd6 {[%emt 0:01:01]} 28. Rfg3 {[%emt 0:00:45]} Qe8 $16 {[%emt 0:01:16]} (28... Rfh8 $11 {remains equal.}) 29. h4 {[%emt 0:02:21]} Rfh8 {[%emt 0:01:22]} 30. Bf5 {[%emt 0:02:22]} Nxf5 {[%emt 0:02:40]} 31. exf5 {[%emt 0:00:06]} Rxh4 {[%emt 0:01:59]} 32. Rxg6+ {[%emt 0:01:44]} Kf7 {[%emt 0:00:01]} 33. d6 {[%emt 0:01:51]} Rh1+ {[%emt 0:00:27]} 34. Kf2 {[%emt 0:00:09]} Qc6 {[%emt 0:00:06]} 35. Rg7+ {[%emt 0:00:43]} Kf8 {[%emt 0:00:14]} 36. d7 {[%emt 0:00:16]} 1-0

[Event "FRA-ch Open A-D 2018"]
[Site "Nimes"]
[Date "2018.08.26"]
[Round "9"]
[White "Sabatier, Mathis"]
[Black "Graillon, David"]
[Result "1-0"]
[WhiteElo "1904"]
[BlackElo "1837"]
[Annotator "NA"]
[PlyCount "85"]
[EventDate "2018.08.18"]
[EventType "tourn"]
[EventCountry "FRA"]
[SourceTitle "playchess.com"]
[Source "ChessBase"]
[SourceQuality "1"]
[TimeControl "40/5400+30:1800+30"]

1. d4 {[%emt 0:00:00]} Nf6 {[%emt 0:00:00]} 2. c4 {[%emt 0:00:00]} b6 {[%emt 0:00:52]} 3. Nc3 {[%emt 0:00:24]} Bb7 {[%emt 0:00:22]} 4. Qc2 {[%emt 0:00:44]} e6 {[%emt 0:02:07]} 5. e4 {[%emt 0:00:13]} Bb4 {[%emt 0:03:21]} 6. Bd3 {[%emt 0:00:05]} d5 {[%emt 0:09:57]} 7. Qa4+ {[%emt 0:11:14]} Nc6 {[%emt 0:06:56]} 8. cxd5 {[%emt 0:02:32]} exd5 {[%emt 0:10:23]} 9. Bb5 {[%emt 0:01:42]} Bxc3+ {[%emt 0:01:48]} 10. bxc3 {[%emt 0:02:39]} Qd7 {[%emt 0:01:09]} 11. e5 {[%emt 0:10:30]} a6 {[%emt 0:08:56]} 12. Bxc6 {[%emt 0:05:48]} Bxc6 {[%emt 0:00:55]} 13. Qc2 {[%emt 0:01:25]} Qe6 {[%emt 0:16:13]} 14. Ne2 {[%emt 0:02:24]} Nd7 {[%emt 0:06:07]} 15. Nf4 {[%emt 0:03:02]} Qe7 {[%emt 0:06:15]} 16. Qb3 {[%emt 0:05:10]} Nxe5 {[%emt 0:13:14]} 17. dxe5 {[%emt 0:01:13]} Qxe5+ {[%emt 0:00:02]} 18. Be3 {[%emt 0:02:15]} Qe4 {[%emt 0:02:28]} 19. Qb1 {[%emt 0:07:12]} Qe7 {[%emt 0:03:17]} 20. O-O {[%emt 0:01:34]} O-O {[%emt 0:00:30]} 21. Qd1 {[%emt 0:04:52]} Rad8 {[%emt 0:00:27]} 22. Re1 {[%emt 0:01:02]} Qf6 {[%emt 0:01:04]} 23. Qg4 {[%emt 0:03:39]} Bd7 {[%emt 0:02:27]} 24. Qg3 {[%emt 0:00:56]} Qf5 {[%emt 0:00:44]} 25. Bd4 {[%emt 0:01:38]} f6 {[%emt 0:00:15]} 26. Qf3 {[%emt 0:09:21]} Bc8 {[%emt 0:01:05]} 27. Rad1 {[%emt 0:01:41]} g5 {[%emt 0:00:54]} 28. Nh5 {[%emt 0:02:35]} Rd6 {[%emt 0:00:27]} 29. Qxf5 {[%emt 0:05:57]} Bxf5 {[%emt 0:00:02]} 30. Nxf6+ {[%emt 0:02:58]} Rdxf6 {[%emt 0:00:12]} 31. Bxf6 {[%emt 0:00:09]} Rxf6 {[%emt 0:00:02]} 32. Rxd5 {[%emt 0:00:07]} Kf7 {[%emt 0:01:23]} 33. Rde5 {[%emt 0:01:54]} Be6 {[%emt 0:00:08]} 34. a3 {[%emt 0:01:10]} h6 {[%emt 0:00:03]} 35. g3 {[%emt 0:02:27]} c6 {[%emt 0:00:07]} 36. Rd1 {[%emt 0:01:16]} Ke7 {[%emt 0:01:11]} 37. h4 {[%emt 0:01:39]} gxh4 {[%emt 0:00:06]} 38. gxh4 {[%emt 0:00:07]} Rg6+ {[%emt 0:00:36]} 39. Kh2 {[%emt 0:01:41]} Kf6 {[%emt 0:00:02]} 40. Re3 {[%emt 0:01:11]} Rg4 {[%emt 0:01:08]} 41. Rd6 {[%emt 0:32:23]} Rg6 42. Rd1 Bd5 43. Rg1 1-0

[Event "FRA-ch Open A-D 2018"]
[Site "Nimes"]
[Date "2018.08.26"]
[Round "9"]
[White "Brouard, Gregoire"]
[Black "Grundman, Anatole"]
[Result "0-1"]
[WhiteElo "1898"]
[BlackElo "1928"]
[Annotator "NA"]
[PlyCount "92"]
[EventDate "2018.08.18"]
[EventType "tourn"]
[EventCountry "FRA"]
[SourceTitle "playchess.com"]
[Source "ChessBase"]
[SourceQuality "1"]
[TimeControl "40/5400+30:1800+30"]

1. d4 {[%emt 0:00:00]} Nf6 {[%emt 0:01:00]} 2. c4 {[%emt 0:00:00]} g6 {[%emt 0:00:14]} 3. Nc3 {[%emt 0:00:00]} Bg7 {[%emt 0:00:04]} 4. e4 {[%emt 0:00:00]} d6 {[%emt 0:00:04]} 5. Be2 {[%emt 0:00:03]} c5 {[%emt 0:00:25]} 6. d5 {[%emt 0:08:21] LiveBook: 358 Games} O-O {[%emt 0:00:20]} 7. f4 {[%emt 0:00:44]} e6 {[%emt 0:00:11]} 8. Nf3 {[%emt 0:04:52]} exd5 {[%emt 0:00:05]} 9. cxd5 {[%emt 0:02:56]} Nbd7 {[%emt 0:00:18]} 10. O-O {[%emt 0:00:33]} Re8 {[%emt 0:00:08]} 11. e5 {[%emt 0:07:53]} ({Günstiger ist} 11. Qc2 $11) 11... dxe5 {[%emt 0:03:55]} 12. fxe5 {[%emt 0:00:09]} Ng4 {[%emt 0:14:45] [#]} 13. e6 $1 {[%emt 0:01:49]} Nde5 $18 {[%emt 0:00:11]} (13... fxe6 $16 {keeps fighting.} 14. dxe6 Nb6) 14. Ng5 {[%emt 0:02:11]} f5 {[%emt 0:34:00]} 15. h3 h6 16. hxg4 {[%emt 0:21:26]} Nxg4 {[%emt 0:17:38]} 17. g3 {[%emt 0:12:13]} Bd4+ {[%emt 0:01:36]} 18. Kg2 {[%emt 0:00:15]} hxg5 {[%emt 0:02:18]} 19. Bxg4 {[%emt 0:00:23]} fxg4 {[%emt 0:00:31]} 20. Qd2 {[%emt 0:07:40]} b5 {[%emt 0:06:37]} 21. Qxg5 {[%emt 0:07:44]} Qxg5 {[%emt 0:01:01]} 22. Bxg5 {[%emt 0:00:05]} Bxc3 {[%emt 0:04:00]} 23. bxc3 {[%emt 0:00:15]} Bb7 {[%emt 0:00:16]} 24. e7 {[%emt 0:00:57]} Bxd5+ {[%emt 0:00:07]} 25. Kg1 {[%emt 0:00:19]} Bf3 {[%emt 0:01:13]} 26. Rf2 {[%emt 0:01:16]} Kf7 {[%emt 0:02:09]} 27. Rh2 {[%emt 0:04:40]} Rh8 {[%emt 0:00:09]} 28. Bh4 {[%emt 0:00:30]} Rh5 {[%emt 0:00:18]} 29. Re1 {[%emt 0:01:09]} Re8 {[%emt 0:00:32]} 30. Rd2 {[%emt 0:06:00]} Rf5 {[%emt 0:03:03]} 31. Rd7 {[%emt 0:03:27]} g5 {[%emt 0:00:32]} 32. Bxg5 {[%emt 0:00:33]} Rxg5 {[%emt 0:00:08]} 33. Rxa7 {[%emt 0:00:12]} Rh5 {[%emt 0:00:23]} 34. Re3 {[%emt 0:00:33]} Rh1+ {[%emt 0:01:51]} 35. Kf2 {[%emt 0:00:18]} Rh2+ {[%emt 0:00:11]} 36. Kf1 {[%emt 0:01:01]} Rg2 {[%emt 0:01:06]} 37. Re5 {[%emt 0:00:35]} Kf6 {[%emt 0:01:59]} 38. Rxc5 {[%emt 0:00:19]} Rh8 {[%emt 0:03:02]} 39. e8=N+ {[%emt 0:02:24]} Rxe8 {[%emt 0:00:39]} 40. Ra6+ {[%emt 0:02:30]} Re6 {[%emt 0:01:09]} 41. Rxe6+ {[%emt 0:31:49]} Kxe6 {[%emt 0:30:06]} 42. Rxb5 {[%emt 0:00:31]} Rxa2 {[%emt 0:00:32]} 43. Rg5 {[%emt 0:02:05]} Rc2 {[%emt 0:00:00]} 44. Rc5 {[%emt 0:00:00]} Rg2 {[%emt 0:00:00]} 45. Rh5 {[%emt 0:00:00]} Rxg3 {[%emt 0:00:00]} 46. Rh2 {[%emt 0:00:00]} Rh3 {[%emt 0:00:00]} 0-1

[Event "FRA-ch Open A-D 2018"]
[Site "Nimes"]
[Date "2018.08.26"]
[Round "9"]
[White "Pigeat, Benoit"]
[Black "Destic, Pablo"]
[Result "0-1"]
[WhiteElo "1868"]
[BlackElo "1921"]
[Annotator "NA"]
[PlyCount "112"]
[EventDate "2018.08.18"]
[EventType "tourn"]
[EventCountry "FRA"]
[SourceTitle "playchess.com"]
[Source "ChessBase"]
[SourceQuality "1"]
[TimeControl "40/5400+30:1800+30"]

1. e4 {[%emt 0:00:00]} e5 {[%emt 0:00:00]} 2. Nf3 {[%emt 0:00:16]} Nc6 {[%emt 0:00:00]} 3. Bb5 {[%emt 0:00:07]} Bc5 {[%emt 0:00:00]} 4. O-O {[%emt 0:00:37]} Nf6 {[%emt 0:02:45]} 5. d3 {[%emt 0:02:52]} d6 {[%emt 0:00:45]} 6. h3 {[%emt 0:00:17]} Bb6 {[%emt 0:03:15] C65: Ruy Lopez: Berlin Defence (3...Nf6), unusual lines and 4 0-0 Bc5} (6... O-O 7. c3 Bd7 8. Re1 Bb6 9. Nbd2 Ne7 10. Bxd7 Qxd7 11. Nc4 Ng6 12. Qb3 Rfe8 13. Bg5 Nh5 14. a4 Nhf4 15. d4 Nxh3+ 16. gxh3 Qxh3 {½-½ (38) Van Kampen,R (2643)-Hracek,Z (2594) Germany 2016}) 7. c3 {[%emt 0:01:30]} h6 {[%emt 0:01:10]} 8. Nbd2 {[%emt 0:02:37]} a6 {[%emt 0:01:43]} 9. Ba4 {[%emt 0:00:42]} O-O {[%emt 0:00:37]} 10. b4 $146 {[%emt 0:02:26]} ({Predecessor:} 10. Re1 Bd7 11. Nf1 Ne7 12. Bxd7 Qxd7 13. a4 a5 14. Ng3 Ng6 15. d4 Rfe8 {½-½ (44) Panitevsky,I (2307)-Slawinski,T (2371) ICCF email 2014}) 10... Ne7 {[%emt 0:02:13]} 11. Bb3 {[%emt 0:00:16]} Ng6 {[%emt 0:02:00]} 12. Nc4 {[%emt 0:03:55]} Ba7 {[%emt 0:01:49]} 13. Kh2 {[%emt 0:00:24]} Qe7 {[%emt 0:04:25]} 14. Be3 {[%emt 0:01:31]} c6 {[%emt 0:06:58]} 15. Bxa7 {[%emt 0:01:55]} Rxa7 {[%emt 0:00:08]} 16. Ne3 {[%emt 0:00:02]} Nf4 {[%emt 0:03:27]} 17. Ng1 {[%emt 0:01:19]} Qd7 {[%emt 0:09:12]} 18. Nf5 {[%emt 0:02:27]} d5 {[%emt 0:00:57]} 19. f3 {[%emt 0:00:23]} dxe4 {[%emt 0:05:22]} 20. dxe4 {[%emt 0:00:49]} Qxd1 {[%emt 0:10:55]} 21. Raxd1 {[%emt 0:00:59]} Bxf5 {[%emt 0:00:01]} 22. exf5 {[%emt 0:00:13]} Raa8 {[%emt 0:02:02]} 23. c4 {[%emt 0:00:51]} Rad8 {[%emt 0:02:55]} 24. Rxd8 {[%emt 0:03:43]} Rxd8 {[%emt 0:00:21]} 25. Rd1 {[%emt 0:00:00]} Rxd1 {[%emt 0:03:50]} 26. Bxd1 {[%emt 0:00:20]} Nd3 {[%emt 0:00:26]} 27. a3 {[%emt 0:00:35]} Nb2 {[%emt 0:04:33]} 28. Bb3 {[%emt 0:00:17]} c5 {[%emt 0:01:49]} 29. Ne2 {[%emt 0:01:52]} e4 {[%emt 0:02:50]} 30. fxe4 {[%emt 0:04:49]} Nxe4 {[%emt 0:00:09]} 31. bxc5 {[%emt 0:00:31]} Nxc5 {[%emt 0:03:39]} 32. Ba2 {[%emt 0:00:13]} Kf8 {[%emt 0:03:03]} 33. Nc3 {[%emt 0:00:47]} Ke7 {[%emt 0:01:40]} 34. Kg3 {[%emt 0:00:41]} Kf6 {[%emt 0:01:03]} 35. Kf4 {[%emt 0:00:36]} Nbd3+ {[%emt 0:01:42]} 36. Ke3 {[%emt 0:00:37]} Ke5 {[%emt 0:00:12]} 37. Ne2 {[%emt 0:01:19]} Nb2 {[%emt 0:01:09]} 38. g4 {[%emt 0:01:02]} Nd1+ {[%emt 0:09:10]} 39. Kd2 {[%emt 0:01:04]} Nf2 {[%emt 0:00:20]} 40. Ng1 {[%emt 0:00:15]} Kf4 {[%emt 0:01:49]} 41. Ke2 {[%emt 0:30:13]} Nfe4 {[%emt 0:31:49]} 42. Ke1 {[%emt 0:01:00]} Ke3 {[%emt 0:03:21]} 43. Bb1 {[%emt 0:00:27]} Nd2 {[%emt 0:01:32]} 44. Bc2 {[%emt 0:00:52]} Nxc4 {[%emt 0:00:18]} 45. a4 {[%emt 0:00:14]} Nb2 {[%emt 0:01:10]} 46. Ne2 {[%emt 0:00:22]} Nbxa4 {[%emt 0:01:30]} 47. Nc1 {[%emt 0:03:55]} Nc3 {[%emt 0:00:43]} 48. Kf1 {[%emt 0:01:02]} Kd2 {[%emt 0:01:25]} 49. Nb3+ {[%emt 0:00:06]} Nxb3 {[%emt 0:00:06]} 50. Bxb3 {[%emt 0:00:08]} f6 {[%emt 0:00:07]} 51. Kf2 {[%emt 0:00:07]} a5 {[%emt 0:00:10]} 52. Kf3 $19 {[%emt 0:00:16]} a4 {[%emt 0:00:09]} 53. Be6 {[%emt 0:00:01]} a3 {[%emt 0:00:34]} 54. Kf4 {[%emt 0:00:09]} Kd3 {[%emt 0:00:13]} 55. h4 {[%emt 0:00:16]} a2 {[%emt 0:00:06]} 56. Bxa2 {[%emt 0:00:05]} Nxa2 {[%emt 0:00:07]} 0-1